| 000 | 01655nam a2200349 a 4500 | ||
|---|---|---|---|
| 001 | 000013813 | ||
| 003 | DO-SdBNP | ||
| 005 | 20180312093419.0 | ||
| 007 | 000013813 | ||
| 008 | 091117s2001 dr abc 000 0 spa d | ||
| 020 | _a8482614169 | ||
| 040 |
_aBPMSU _bspa _cBPMSU |
||
| 092 |
_a372.84 _bR696r 3ro. 2001 |
||
| 100 | 1 | _aRodríguez, Federico | |
| 245 | 1 | 0 |
_aReligión 3 : _b[educación básica] / _cFederico Rodríguez ; dirección editorial Obdulia García de Escobar |
| 246 | 1 | 3 |
_aReligión : _bformación integral, humana y religiosa / |
| 260 |
_aSanto Domingo : _bSantillana, _c2001. |
||
| 300 |
_a63 p. : _bil. ; _c28 cm. |
||
| 490 | 1 | _aUmbral | |
| 505 | 0 |
_t¿Quiénes son los amigos de Jesús? -- _t¿Cómo viven los amigos de Jesús? -- _t¿Dónde se reúnen los amigos de Jesús? -- _t¿Qué hizo Jesús por sus amigos? -- _t¿Qué celebramos en pascuas? -- _tDonde estan las enseñanzas de Jesús?-- _t¿Qué nos enseña Jesús sobre Dios? -- _tQue nos enseña Jesus sobre nosotros?-- _t¿Qué quiere Jesús de nosotros? -- _t¿Dónde están las enseñanzas de Jesús? _t¿Qué nos enseña Jesús sobre nosotros? -- _t¿Qué nos promete Jesús? -- |
|
| 650 |
_aRELIGIÓN _xENSEÑANZA BÁSICA |
||
| 650 | 4 |
_aRELIGIÓN _xESTUDIOS Y EJERCICIOS |
|
| 650 | 4 |
_aRELIGIÓN _xLIBROS DE TEXTOS |
|
| 650 | 4 |
_aRELIGIÓN _xEDUCACIÓN PRIMARIA |
|
| 650 | 4 |
_aEDUCACIÓN PRIMARIA _zREPÚBLICA DOMINICANA |
|
| 700 | 1 | 2 |
_aGarcía de Escobar, Obdulia, _eed. |
| 830 | 0 | _aUmbral | |
| 910 | _aValidado. Control de calidad MFF | ||
| 942 |
_2ddc _cBK |
||
| 945 | _ainventariado, 2018 / dg | ||
| 956 |
_aLOPEREZ _b10 _c20160404 _lBPMSU _h00041 |
||
| 999 |
_c9523 _d9523 |
||